| 000 | 00985nam0a22002531 4500 | ||
|---|---|---|---|
| 001 | rc\830083 | ||
| 005 | 20250622005826.0 | ||
| 035 | _a(NLR Aleph) 006012142 | ||
| 090 |
_a7339662 _c7339662 |
||
| 100 | _a20041129d1984 |||y0rusy50 ca | ||
| 101 | 0 | _arus | |
| 102 | _aRU | ||
| 105 | _aa ||||||||| | ||
| 200 | 1 | _aСпектр энергии и интенсивности возбуждения спиновых волн в анизотропном одномерном ферромагнетике типа "Легкая плоскость" со спином ионов S-1 | |
| 210 |
_aКиев _cИТФ _d1984 |
||
| 215 |
_a58 с. _cил. _d20 |
||
| 225 | 1 |
_aПрепринт _fАН УССР, Ин-т теорет. физики _vИТФ-84-42Р |
|
| 320 | _aБиблиогр.: с. 43-46 (41 назв.) | ||
| 700 | 1 |
_aЗеров _bЮ.Э. _gЮрий Эдуардович |
|
| 801 | 0 |
_aRU _bNLR _gpsbo |
|
| 801 | 1 |
_aRU _bELAR _2rusmarc |
|
| 852 |
_aNLR _j84-4/19501 |
||
| 942 | _cBOOK | ||
| 980 | _aNB | ||